01019nam a2200181Ia 4500008004100000020001800041050001900059100002700078245007100105260002700176300002000203500019200223505019500415650010400610700001000714952009600724999001700820121028s9999 xx 000 0 und d a970-10-1900-8 aHD56 C44 c1998 aCHIAVENATO, Idalberto. aIniciación a los procesos de producción / Idalberto Chiavenato aMéxico : McGraw-Hill avii, 157 pág. aCompilado de: Chiavenato: Iniciación a la administración de materiales, 1993, McGraw-Hill Chiavenato: Iniciación a la planeación y el control de la producción, 1993, McGraw-Hill aPrefacio 1. Producción 2. Planeación y control de la producción 3. Planeación de la producción 4. Existencias 5. Compras 6. Almacenamiento de materiales 7. Movimiento de materiales aProductividad industrial. 2.Control de procesos industriales. 3.Administración de la producción at.Ì 00104070a14b14d2009-04-21l0oHD56 C44 C1998p14 000188r2012-10-28t1w2012-10-28yLB c84858d84858